000 00289nam a2200133Ia 4500
008 211105s9999||||xx |||||||||||||| ||und||
082 _a572 B641Q 2006
084 _b13-00131
100 _aBlanco, Antonio
245 0 _aQuímica biológica
260 _c2006
300 _a0
999 _c16853
_d16853